<?xml version="1.0" encoding="UTF-8"?>
<record
    xmlns:xsi="http://www.w3.org/2001/XMLSchema-instance"
    xsi:schemaLocation="http://www.loc.gov/MARC21/slim http://www.loc.gov/standards/marcxml/schema/MARC21slim.xsd"
    xmlns="http://www.loc.gov/MARC21/slim">

  <leader>00476nam a22001697a 4500</leader>
  <controlfield tag="005">20230403153430.0</controlfield>
  <controlfield tag="008">230401b        |||||||| |||| 00| 0 eng d</controlfield>
  <datafield tag="041" ind1=" " ind2=" ">
    <subfield code="a">eng</subfield>
  </datafield>
  <datafield tag="082" ind1=" " ind2=" ">
    <subfield code="a">543.08 SHA-I</subfield>
  </datafield>
  <datafield tag="100" ind1=" " ind2=" ">
    <subfield code="a">SHARMA ,B.K </subfield>
    <subfield code="9">7704</subfield>
  </datafield>
  <datafield tag="245" ind1=" " ind2=" ">
    <subfield code="a">INSTRUMENTAL METHOD OF CHEMICAL ANALYSIS VOL-2 CHROMATOGRAPHY &amp; MISCELLANEOUS METHODS</subfield>
  </datafield>
  <datafield tag="250" ind1=" " ind2=" ">
    <subfield code="a">33th ed. </subfield>
  </datafield>
  <datafield tag="260" ind1=" " ind2=" ">
    <subfield code="b">KRISHNA PRAKASHAN </subfield>
    <subfield code="c">2022</subfield>
  </datafield>
  <datafield tag="300" ind1=" " ind2=" ">
    <subfield code="a">M-338;P.</subfield>
  </datafield>
  <datafield tag="650" ind1=" " ind2=" ">
    <subfield code="a">PHARMACY </subfield>
    <subfield code="x">B. PHARMA </subfield>
    <subfield code="9">7705</subfield>
  </datafield>
  <datafield tag="942" ind1=" " ind2=" ">
    <subfield code="c">BK</subfield>
  </datafield>
  <datafield tag="999" ind1=" " ind2=" ">
    <subfield code="c">8269</subfield>
    <subfield code="d">8267</subfield>
  </datafield>
  <datafield tag="952" ind1=" " ind2=" ">
    <subfield code="0">0</subfield>
    <subfield code="1">0</subfield>
    <subfield code="4">0</subfield>
    <subfield code="7">0</subfield>
    <subfield code="8">REF</subfield>
    <subfield code="a">JRU</subfield>
    <subfield code="b">JRU</subfield>
    <subfield code="c">SHELF-4-E</subfield>
    <subfield code="d">2023-03-27</subfield>
    <subfield code="e">LOHIA BOOK INTERNATIONAL</subfield>
    <subfield code="g">1390.00</subfield>
    <subfield code="l">0</subfield>
    <subfield code="o">543.08 SHA-I</subfield>
    <subfield code="p">27632</subfield>
    <subfield code="r">2023-04-01 00:00:00</subfield>
    <subfield code="w">2023-03-27</subfield>
    <subfield code="y">BK</subfield>
  </datafield>
  <datafield tag="952" ind1=" " ind2=" ">
    <subfield code="0">0</subfield>
    <subfield code="1">0</subfield>
    <subfield code="4">0</subfield>
    <subfield code="7">0</subfield>
    <subfield code="8">PHARMACY</subfield>
    <subfield code="a">JRU</subfield>
    <subfield code="b">JRU</subfield>
    <subfield code="c">Shelf - 21- H</subfield>
    <subfield code="d">2023-03-27</subfield>
    <subfield code="e">LOHIA BOOK INTERNATIONAL</subfield>
    <subfield code="g">1390.00</subfield>
    <subfield code="l">0</subfield>
    <subfield code="o">543.08 SHA-I</subfield>
    <subfield code="p">27633</subfield>
    <subfield code="r">2023-04-01 00:00:00</subfield>
    <subfield code="w">2023-03-27</subfield>
    <subfield code="y">BK</subfield>
  </datafield>
  <datafield tag="952" ind1=" " ind2=" ">
    <subfield code="0">0</subfield>
    <subfield code="1">0</subfield>
    <subfield code="4">0</subfield>
    <subfield code="7">0</subfield>
    <subfield code="8">PHARMACY</subfield>
    <subfield code="a">JRU</subfield>
    <subfield code="b">JRU</subfield>
    <subfield code="c">Shelf - 21- H</subfield>
    <subfield code="d">2023-03-27</subfield>
    <subfield code="e">LOHIA BOOK INTERNATIONAL</subfield>
    <subfield code="g">1390.00</subfield>
    <subfield code="l">1</subfield>
    <subfield code="m">1</subfield>
    <subfield code="o">543.08 SHA-I</subfield>
    <subfield code="p">27634</subfield>
    <subfield code="r">2024-10-23 15:31:53</subfield>
    <subfield code="s">2024-10-01</subfield>
    <subfield code="w">2023-03-27</subfield>
    <subfield code="y">BK</subfield>
  </datafield>
</record>
